000 00490nam a22001937a 4500
003 CEME
005 20210628205018.0
008 210115b xxu||||| |||| 00| 0 eng d
020 _a0-07-137683-6
040 _c.
082 _a629.892 IOV
100 _aIovine, John
_969062
245 _aRobots, androids, and animatrons
250 _a2ND
260 _aNEW YORK
_bMCGRAW HILL
_c2002
300 _aXIX,332P
650 _a12 INCREDIBLE PROJECTS YOU CAN BUILD
_973393
942 _cBK
_2ddc
999 _c579147
_d579147